| 000 | 01981nam a2200517 i 4500 | ||
|---|---|---|---|
| 001 | 15461 | ||
| 003 | KOSZ 005 | ||
| 005 | 20200630085512.0 | ||
| 008 | 200416s1973 pl a f f 000 0 pol | ||
| 015 | _aUWD 1973/5731 | ||
| 035 | _a991033820429705066 | ||
| 035 | _a(PL-WaBN)b19049304-48omnis_nlop | ||
| 035 | _ab19049304 | ||
| 035 | _a(OCoLC)839041988 | ||
| 035 | _a(PL)b0000001904930 | ||
| 035 | _a(EXLNZ-48OMNIS_NETWORK)9910250940505606 | ||
| 040 |
_aWA N _cWA N _dKOSZ 005/RW |
||
| 046 | _k1973 | ||
| 080 | _a676 | ||
| 080 | _a(075.8) | ||
| 100 | 1 |
_aRutkowski, Jan _d(1924- ) _eAutor |
|
| 245 | 1 | 0 |
_aUrządzenia przemysłu celulozowo-papierniczego. _nCz. 1, _pWyposażenie wytwórni mas celulozowych i półchemicznych / _cJan Rutkowski. |
| 246 | 3 | 0 | _aWyposażenie wytwórni mas celulozowych i półchemicznych |
| 260 |
_aŁódź : _bWydawnictwo Politechniki Łódzkiej, _c1973. |
||
| 300 |
_a278 stron : _bilustracje ; _c24 cm. |
||
| 336 |
_aTekst _btxt _2rdacontent |
||
| 337 |
_aBez urządzenia posredniczącego _bn _2rdamedia |
||
| 338 |
_aWolumin _bnc _2rdacarrier |
||
| 380 | _aKsiążki | ||
| 380 | _aPublikacje dydaktyczne | ||
| 388 | _a1901-2000 | ||
| 388 | _a1945-1989 | ||
| 490 | 1 | _aSkrypty dla Szkół Wyższych / Politechnika Łódzka | |
| 504 | _aBibliografia na stronach [277]-278. | ||
| 521 | 8 | _aDla studentów Wydziału Chemicznego Politechniki Łódzkiej, specjalizujących się w dziedzinie technologii celulozy i papieru. | |
| 650 | 7 |
_aPapiernictwo _2DBN |
|
| 650 | 7 | _aUrządzenia | |
| 650 | 7 | _aTechnologia | |
| 655 | 7 |
_aPodręczniki akademickie _2DBN |
|
| 658 | _aInżynieria i technika | ||
| 710 | 2 |
_aWydawnictwo Politechniki Łódzkiej _4pbl |
|
| 830 | 0 | _aSkrypty dla Szkół Wyższych - Politechnika Łódzka | |
| 856 |
_uhttp://koha.tu.koszalin.pl/cgi-bin/koha/opac-detail.pl?biblionumber=15461 _yKatalog online BPK |
||
| 942 |
_2UKD _cKS |
||
| 999 |
_c15461 _d15461 |
||